000
00276nam a22001217a 4500
082
_a
617.4820
_b
D08I
100
_a
REED,JAMES C
245
_a
CHEST RADIOLOGY PLAIN FILM PATTERNS
250
_a
6TH
260
_a
PHILADELPHIA
_b
ELSEVIER
_c
2011
300
_a
455
942
_2
ddc
_c
BK
999
_c
14331
_d
14331